Т. 1; Библиотеки и ассоциации в меняющемся мире: новые технологии и новые формы сотрудничества

Dades bibliogràfiques
Parent link:Библиотеки и ассоциации в меняющемся мире: новые технологии и новые формы сотрудничества: Материалы конференции, 6-14 июня 1998 г., г. Судак, Авт. Респ. Крым, Украина/ 5-я Юбилейная Международная Конференция "Крым 98". Т. 1.— , 1998
Autor corporatiu: "Крым 98"
Idioma:rus
Publicat: 1998
Matèries:
Format: MixedMaterials Llibre
KOHA link:https://koha.lib.tpu.ru/cgi-bin/koha/opac-detail.pl?biblionumber=14585

MARC

LEADER 00000nam0a2200000 4500
001 14585
005 20231030185737.0
010 |a 5856380185 
035 |a (RuTPU)RU\TPU\book\14681 
035 |a BOOK00014750 
090 |a 14585 
100 |a 20011209d1998 km y0rusy50 ca 
101 0 |a rus 
102 |a RU 
105 |a y z 110zy 
200 0 |a Т. 1 
210 |d 1998 
215 |a 383 с. 
461 |t Библиотеки и ассоциации в меняющемся мире: новые технологии и новые формы сотрудничества  |o Материалы конференции, 6-14 июня 1998 г., г. Судак, Авт. Респ. Крым, Украина  |f 5-я Юбилейная Международная Конференция "Крым 98"  |v Т. 1  |d 1998 
610 1 |a библиотечное дело 
610 1 |a библиотеки 
610 1 |a библиотечные технологии 
610 1 |a конференции международные 
686 |a Ч73ло  |v LBC/SL-A  |2 rubbk 
712 1 0 |a "Крым 98"  |c Юбилейная Международная Конференция  |d 5  |e Судак, Крым, Украина  |f 1998 
801 0 |a RU  |b 63413507  |c 20011209  |g PSBO 
801 2 |a RU  |b 63413507  |c 20091203  |g PSBO 
942 |c BK